Statistics for Even More Peculiar Facts about U.S. Presidents

Click here to take the quiz!

General Stats

  • This quiz has been taken 7 times
  • The average score is 8 of 15

Answer Stats

QuestionAnswer% Correct
Which president won three consecutive popular vote elections, but lost the electoral college in the second election?Grover Cleveland
100%
Well after his term in office as president, which president argued and won the case of the Armistad Slave Ship Rebellion, freeing the slaves who rebelled?John Quincy Adams
83%
Which president had offers to play pro football with the Lions and the Packers?Gerald Ford
67%
Who was the first left-handed president?James A. Garfield
67%
Which president was once a lifeguard and a sportscaster?Ronald Reagan
67%
Which president never voted in a presidential election until his own?Zachary Taylor
67%
Which president never had an official pet while at the white house, but actually cared for the mice - calling them "The Little Fellows?"Andrew Johnson
50%
Which president has paintings on display in a museum?George W. Bush
50%
Which president occupied the white house at the time of the first telephone installation?Rutherford B. Hayes
50%
The $500 dollar bill was discontinued in 1969. Which president's portrait was on this bill?William McKinley
50%
Which president has won a Grammy Award? (Actually - 2 of them)Barack Obama
33%
Before taking office as president, which future president advocated for the invasion of Cuba by the U.S. while an ambassador to Great Britain?James Buchanan
33%
Who is the president who established Mother's Day?Woodrow Wilson
33%
Who was the first president to hire a female white house staffer?Benjamin Harrison
17%
Who is the only president born in New Hampshire, who also graduated prestigious Bowdoin College in Maine?Franklin Pierce
17%

Score Distribution

Percentile by Number Answered

Percent of People with Each Score

Your Score History

You have not taken this quiz